000 00836nam a2200265 a 4500
008
020 _a9780123982568 (hardback)
040 _aNUST
_cNUST
049 _aMAIN
090 _aTD193
_bHEM
100 1 _aHemond, Harold F.
245 1 0 _aChemical Fate and Transport in the environment /
_cHemond Harold F. and Fechner Elizerbeth J.
260 _aUnited States :
_bElsevier,
_c2015
300 _aThird Edition.
300 _ax, [various pagination] :
_billustrations ;
_c25 cm
336 _atext
_btxt
_2rdacontent
337 _aunmediated
_bn
_2rdamedia
338 _avolume
_bnc
_2rdacarrier
650 1 _aChemical Fate.
700 _a Fechner, Elizerbeth J.
907 _a.b10410703
_b06-10-21
_c06-10-21
003
005 20230123141223.0
942 _cBOOKS
_kTD193
_mHEM
999 _c169756
_d169756